|
|
|
|
| LEADER |
00767nam a2200181Ia 4500 |
| 001 |
CTU_26917 |
| 008 |
210402s9999 xx 000 0 und d |
| 082 |
|
|
|a 959.7
|
| 082 |
|
|
|b T431/1989
|
| 100 |
|
|
|a Trần Thị Thanh Tòng
|
| 245 |
|
0 |
|a Tìm hiểu lịch sử khẩn hoang xây dựng và phát triển xã Dương Hòa ( Châu Thành, Vĩnh Long )
|
| 245 |
|
0 |
|b Luận văn tốt nghiệp Đại học Sư phạm ngành Sử Khóa 11
|
| 245 |
|
0 |
|c Trần Thị Thanh Tòng
|
| 260 |
|
|
|a Cần Thơ
|
| 260 |
|
|
|b Trường Đại học Cần Thơ, Khoa Sư phạm, Bộ môn Sử
|
| 260 |
|
|
|c 1989
|
| 904 |
|
|
|i Nguyễn Quang Điền, 981022
|
| 980 |
|
|
|a Trung tâm Học liệu Trường Đại học Cần Thơ
|